Billie Lourd Filmography - Statistics

General Stats
  • This quiz has been taken 11 times
    3 since last reset
  • The average score is 3 of 23
Answer Stats
Type Year Name % Correct
TV Show 2017-2024 American Horror Story
100%
Film 2019 Star Wars: Episode IX - The Rise of Skywalker
67%
Web Series 2021 American Horror Stories
33%
TV Show 2015-2016 Scream Queens
33%
Film 2017 Star Wars: Episode VIII - The Last Jedi
33%
Film 2015 Star Wars: Episode VII - The Force Awakens
33%
Film 2022 Ticket to Paradise
33%
Film 2025 Adulthood
0%
Film 2024 And Mrs
0%
Film TBA Artificial
0%
Film 2018 Billionaire Boys Club
0%
Film 2019 Booksmart
0%
TV Documentary 2016 Bright Lights: Starring Carrie Fisher and Debbie Reynolds
0%
Film TBA Love Language
0%
Web Series 2025 Mid-Century Modern
0%
Commercial 2019 Old Navy
0%
Film 2025 Smurfs
0%
Web Series 2023 Strange Planet
0%
Film TBA That Friend
0%
Film TBA The Deputy
0%
Film 2024 The Last Showgirl
0%
Film TBA The Pirate King
0%
TV Show 2020 Will & Grace
0%
No matching quizzes found
Score Distribution
Percent of People with Each Score
Percentile by Number Answered
Your Score History
You have not taken this quiz since the last reset